Opere italiane / (Record no. 37104)
[ view plain ]
| 000 -LEADER | |
|---|---|
| campo de control de longitud fija | 00616nam a2200193 i 4500 |
| 001 - NÚMERO DE CONTROL | |
| campo de control | 37104 |
| 003 - IDENTIFICADOR DE NÚMERO DE CONTROL | |
| campo de control | ES-MaACL |
| 005 - FECHA Y HORA DE LA ÚLTIMA TRANSACCIÓN | |
| campo de control | 20260112153651.0 |
| 007 - CAMPO FIJO DE DESCRIPCIÓN FÍSICA--INFORMACIÓN GENERAL | |
| campo de control de longitud fija | t| |
| 008 - DATOS DE LONGITUD FIJA--INFORMACIÓN GENERAL | |
| campo de control de longitud fija | 030220s1907 it ||||1| ita d |
| 100 1# - ENTRADA PRINCIPAL--NOMBRE DE PERSONA | |
| Nombre de persona | Bruno, Giordano. |
| 9 (RLIN) | 32197 |
| 245 10 - MENCIÓN DEL TÍTULO | |
| Título | Opere italiane / |
| Mención de responsabilidad, etc. | Giordano Bruno ; nuovamente ristampati con note da Giovanni Gentile. |
| 260 ## - PUBLICACIÓN, DISTRIBUCIÓN, ETC. | |
| Lugar de publicación, distribución, etc. | Firenze : |
| Nombre del editor, distribuidor, etc. | Salvadore Landi, |
| Fecha de publicación, distribución, etc. | 1907. |
| 300 ## - DESCRIPCIÓN FÍSICA | |
| Extensión | 2 v. ; |
| Dimensiones | 22 cm. |
| 505 8# - NOTA DE CONTENIDO CON FORMATO | |
| Nota de contenido con formato | Contiene: I. Dialoghi metafisici. -- II. Dialoghi morali |
| 700 1# - ENTRADA AGREGADA--NOMBRE PERSONAL | |
| Nombre de persona | Gentile, Giovanni, |
| Fechas asociadas al nombre | 1875-1944 |
| 9 (RLIN) | 56357 |
| 852 ## - LOCALIZACIÓN | |
| Ubicación | ES-MaACL |
| Número de control de estantería | F-8354-8355 |
| Estatus retirado | Estado de pérdida | Estado de daño | No para préstamo | Biblioteca de origen | Biblioteca actual | Ubicación en estantería | Fecha de adquisición | Fuente de adquisición | Total de préstamos | Signatura topográfica completa | Código de barras | Visto por última vez | Precio de reemplazo | Tipo de ítem Koha |
|---|---|---|---|---|---|---|---|---|---|---|---|---|---|---|
| Biblioteca del Ateneo de Madrid | Biblioteca del Ateneo de Madrid | Sala Pecera Planta 2 | 17/01/2008 | F-8354-8355 | 1039036 | 23/02/2023 | 23/02/2023 | Libro impreso |
